General Knowledge Quiz #3 - Statistics

General Stats
  • This quiz has been taken 47 times
    31 since last reset
  • The average score is 12 of 20
Answer Stats
Hint Answer % Correct
4th Letter of the Greek Alphabet Delta
97%
Worlds Largest Ocean Pacific
93%
Painter of the Mona Lisa Leonardo Da Vinci
90%
Capital of Australia Canberra
87%
Wrote the Novel "1984" George Orwell
87%
Language Spoken in Brazil Portuguese
87%
Capital of Sweden Stockholm
87%
Longest Bone in the Human Body Femur
83%
The Only Planet to Spin on its Side Uranus
80%
Super Mario Bros. Year Released 1985
67%
Most Popular Youtuber MrBeast
57%
Country Soccer Originated in England
50%
Minecraft Bedrock Year Released 2011
47%
Pop Singer that Grew up on a Christmas Tree Farm Taylor Swift
43%
Fear of Strangers Xenophobia
43%
Pocket Monsters Pokémon
37%
Animals that Poops Squares Wombat
37%
The Only Part of the Body ThatCan't Repair Itself Teeth
33%
Last Chinese Dynasty Qing
27%
Shortest US President James Madison
7%
No matching quizzes found
Score Distribution
Percent of People with Each Score
Percentile by Number Answered
Your Score History
You have not taken this quiz since the last reset